000 00792cab a22002055a 4500
001 L150065
008 100526e20100522xxk 000 0 eng d
035 _a(Sirsi) u150065
041 0 _aeng
100 1 _aBallantyne, Jane
245 0 0 _aDon't leave things up in the air
260 _c2010
490 _aEstates Gazette
_v(1022) 22 May 2010, 140-142(3)
520 _aDevelopers' access rights under the Party Wall Act etc 1996 and the position at common law. Considers access to adjacent land, oversailing cranes, access agreements in accordance with the Neighbouring Land Act 1992. (See also L150062)
590 _aKA
650 2 4 _aPARTY WALL ETC ACT 1996
651 4 _aEngland and Wales
_y1543-
690 _aPROPERTY-PROPERTY MANAGEMENT-EASEMENTS-PARTY WALL SURVEYING
942 _n0
999 _c82379
_d82379